000
00266nam a2200109Ia 4500
008
140130s9999 xx 000 0 und d
245
_c
Martin, Justin McCory
_a
Funny Fairy Tale Grammar
260
_b
Scholastic,
_c
2006
440
_v
1
942
_c
BK
999
_c
42028
_d
42028